MEDOFF:e-office in Medical College (Record no. 2843)
[ view plain ]
| 000 -LEADER | |
|---|---|
| fixed length control field | 00650nam a2200193Ia 4500 |
| 003 - CONTROL NUMBER IDENTIFIER | |
| control field | OSt |
| 005 - DATE AND TIME OF LATEST TRANSACTION | |
| control field | 20220107122709.0 |
| 008 - FIXED-LENGTH DATA ELEMENTS--GENERAL INFORMATION | |
| fixed length control field | 130320s9999 xx 000 0 und d |
| 040 ## - CATALOGING SOURCE | |
| Transcribing agency | IIITMK |
| 100 ## - MAIN ENTRY--PERSONAL NAME | |
| Personal name | Suresh Kumar B |
| 9 (RLIN) | 11051 |
| 245 ## - TITLE STATEMENT | |
| Title | MEDOFF:e-office in Medical College |
| 300 ## - PHYSICAL DESCRIPTION | |
| Extent | PGDEG |
| 502 ## - DISSERTATION NOTE | |
| Degree type | PGDeG |
| Name of granting institution | 2009-2010 |
| Year degree granted | INT |
| -- | Meraj Uddin M.D |
| -- | Prakasam R (Institute of Management in Government, Thiruvananthapuram) |
| Miscellaneous information | Institute of Management in Government, Thiruvananthapuram |
| 650 ## - SUBJECT ADDED ENTRY--TOPICAL TERM | |
| Topical term or geographic name entry element | MEDICAL COLLEGE |
| 9 (RLIN) | 11052 |
| 650 ## - SUBJECT ADDED ENTRY--TOPICAL TERM | |
| Topical term or geographic name entry element | E-OFFICE |
| 9 (RLIN) | 11053 |
| 700 ## - ADDED ENTRY--PERSONAL NAME | |
| Personal name | Anjana Janardhanan |
| 9 (RLIN) | 11054 |
| 700 ## - ADDED ENTRY--PERSONAL NAME | |
| Personal name | Rajesh Kumar N |
| 9 (RLIN) | 11055 |
| 942 ## - ADDED ENTRY ELEMENTS (KOHA) | |
| Source of classification or shelving scheme | Dewey Decimal Classification |
| Koha item type | |
| Withdrawn status | Lost status | Damaged status | Not for loan | Home library | Current library | Date acquired | Total Checkouts | Barcode | Date last seen | Price effective from | Koha item type | Source of classification or shelving scheme |
|---|---|---|---|---|---|---|---|---|---|---|---|---|
| IIITM-K | Kerala University of Digital Sciences, Innovation and Technology Knowledge Centre | 20/03/2013 | R-255 | 20/03/2013 | 20/03/2013 | Project Reports | ||||||
| IIITM-K | Kerala University of Digital Sciences, Innovation and Technology Knowledge Centre | 08/12/2016 | R-929 | 08/12/2016 | 08/12/2016 | Project Reports | Dewey Decimal Classification | |||||
| IIITM-K | Kerala University of Digital Sciences, Innovation and Technology Knowledge Centre | 08/12/2016 | R-930 | 08/12/2016 | 08/12/2016 | Project Reports | Dewey Decimal Classification |